000 00565nam a2200205 a 4500
001 0001-0961
003 ELIB.Books
008 140915 2010 eng
035 _a(ELIB.Books)0001-1115
245 _aWhere We Got the Bible:
_bOur Debt to the Catholic Church
260 _aKBTS; Insein
_bKaren Baptist Theological Seminary
_c1997
300 _a170
_c20.2 Cm
500 _aDr. Yahalaylayla
650 _aBible
856 _nKBTS; Library
_uKBTS; Elib.
942 _2ddc
_cBK
990 _a1
998 _cbat
_e2014-09-15
999 _c10961
_d10961